Land vs. Land #90 - Statistiken

Allgemein
  • Dieses Quiz wurde 20 mal gespielt
  • Das Durchschnittsergebnis liegt bei 10 aus 14
Antwortstatistiken
Frage Antwort % Korrekt
...Fläche? Uruguay🇺🇾
94%
...Militär? Taiwan🇹🇼
88%
...Einwohner? Taiwan🇹🇼
81%
...Bruttoinlandsprodukt? Taiwan🇹🇼
81%
...Bruttoinlandsprodukt pro Kopf? Taiwan🇹🇼
81%
...Lebenserwartung? Taiwan🇹🇼
81%
...durchschnittlicher IQ? Taiwan🇹🇼
81%
...Gewinner? Taiwan🇹🇼
81%
...HDI (Human Development Index)? Taiwan🇹🇼
75%
...Gesundheitswesen? Taiwan🇹🇼
75%
...Exportmengen? Taiwan🇹🇼
75%
...Tourismus? Taiwan🇹🇼
63%
...Happy Planet Index? Uruguay🇺🇾
50%
...Frieden? Taiwan🇹🇼
25%
Keine übereinstimmenden Quizze gefunden
Verteilung der Resultate
Anzahl Personen mit jedem Resultat
Perzentil nach korrekt beantworteten Fragen
Ihre Resultats-Entwicklung
Sie haben dieses Quiz noch nicht gespielt